| 000 | 00730nam a2200217 a 4500 | ||
|---|---|---|---|
| 999 |
_c20084 _d20084 |
||
| 005 | 20191217042721.0 | ||
| 008 | 140113e1975 ck ||||| |||| 00| 0 spa d | ||
| 040 |
_aCO-BoIAVH _cCO-BoIAVH |
||
| 041 | _aspa | ||
| 044 | _ack | ||
| 090 |
_aIND-I _b65 |
||
| 110 | _bInderena | ||
| 245 | _aCódigo nacional de recursos naturales renovables y de protección al medio ambiente | ||
| 260 |
_aBogotá _bInderena _c1986 |
||
| 300 | _a99. páginas | ||
| 650 | 1 | 4 | _aRecursos naturales renovables |
| 650 | 1 | 4 | _aLegislación ambiental |
| 650 | 1 | 4 | _aCódigo Nacional de los Recursos Naturales Renovables y de Protección del Medio Ambiente |
| 710 | _aMinisterio de Agricultura | ||
| 942 |
_cINFORME _2z |
||